Biblioteca "Ernesto Sabato"
Facultad de Derecho y Ciencias Sociales
Facultad de Lenguas
Universidad Nacional del Comahue

General Ángel Vicente Peñaloza : El Chacho (Record no. 32783)

MARC details
000 -CABECERA
campo de control de longitud fija 00663cam a22002532a 4500
001 - NÚMERO DE CONTROL
campo de control 009090
003 - IDENTIFICADOR DEL NÚMERO DE CONTROL
campo de control AR-FADEU
005 - FECHA Y HORA DE LA ÚLTIMA TRANSACCIÓN
campo de control 20180904085747.0
008 - DATOS DE LONGITUD FIJA--INFORMACIÓN GENERAL
campo de control de longitud fija 311216n1974####xxu####################dd
040 ## - FUENTE DE LA CATALOGACIÓN
Centro/agencia transcriptor Biblioteca Ernesto Sábato
092 ## - SIGNATURA TOPOGRÁFICA
Número de clasificación 982.05
Libristica C512
Sector BDT
100 ## - Autor Personal
Nombre de persona Chávez, Fermín
245 ## - MENCIÓN DE TÍTULO
Título General Ángel Vicente Peñaloza : El Chacho
260 ## - PUBLICACIÓN, DISTRIBUCIÓN, ETC. (PIE DE IMPRENTA)
Lugar de publicación, distribución, etc. Buenos Aires
260 ## - PUBLICACIÓN, DISTRIBUCIÓN, ETC. (PIE DE IMPRENTA)
Nombre del editor, distribuidor, etc. Crisis
260 ## - PUBLICACIÓN, DISTRIBUCIÓN, ETC. (PIE DE IMPRENTA)
Fecha de publicación, distribución, etc. 1975
300 ## - DESCRIPCIÓN FÍSICA
Paginas 78 p. : il
440 ## - MENCIÓN DE SERIE/PUNTO DE ACCESO ADICIONAL--TÍTULO
Título Cuadernos de Crisis
Número de parte o sección de la obra 16
500 ## - NOTA GENERAL
Nota general Incluye App: p. 181-265
650 ## - Descriptores Tematicos
Término de materia o nombre geográfico como elemento inicial HISTORIA ARGENTINA
650 ## - Descriptores Tematicos
Término de materia o nombre geográfico como elemento inicial EL CHACHO
650 ## - Descriptores Tematicos
Término de materia o nombre geográfico como elemento inicial PEÑALOZA, ANGEL VICENTE
942 ## - ELEMENTOS DE PUNTO DE ACCESO ADICIONAL (KOHA)
Tipo de ítem Koha BDT
Fuente del sistema de clasificación o colocación Dewey Decimal Classification
Holdings
Estado de retiro Estado de pérdida Fuente del sistema de clasificación o colocación Estado dañado No para préstamo Código de colección Localización permanente Ubicación/localización actual Ubicación en estantería Fecha de adquisición Número de inventario Total de préstamos Signatura topográfica completa Código de barras Fecha visto por última vez Precio válido a partir de Tipo de ítem Koha
    Dewey Decimal Classification     Biblioteca Demetri Taranda Biblioteca Ernesto Sabato - FADECS - UNCOMA Biblioteca Ernesto Sabato - FADECS - UNCOMA Biblioteca Demetri Taranda 04/09/2018 23589   982.5 C512 23589 04/09/2018 04/09/2018 BDT
Facultad de Derecho y Ciencias Sociales | Universidad Nacional del Comahue | Mendoza y Perú General Roca | Río Negro CP (8332) | Patagonia Argentina | Teléfono: 54-0298-4433670 | | Fax: 0298-4432093 | Fax alumnos: 0298-4435700